| 000 | 01434nam a2200373Ia 4500 | ||
|---|---|---|---|
| 001 | Z_6595 | ||
| 003 | CHAP | ||
| 005 | 20250617130616.0 | ||
| 008 | 220113s2013 xx 000 0 und d | ||
| 010 | _a169866 | ||
| 040 | _cCHAP | ||
| 090 | _aTesis L64 2336 | ||
| 100 |
_aLoera Alvarado, Luz Andrea _9125924 |
||
| 245 |
_aBrechas tecnológicas en la finalización de ganado bovino en el Estado de Aguascalientes / _cLuz Andrea Loera Alvarado y Alma Lucila Zuñiga Clemens |
||
| 260 |
_aMéxico : _bEl autor, _c2013 |
||
| 300 | _a94 p | ||
| 502 | _aTesis (Ingeniero Agrónomo Especialista en Zootecnia) -- UACh, 2013 \ Director: Hermilo Suárez Domínguez; asesoría: José Ma. Fernando Copado Bueno y Leticia Myriam Sagarnaga Villegas | ||
| 650 |
_aBovino para carne _9145302 |
||
| 650 |
_aConducta de los animales _9145303 |
||
| 650 |
_aGanado bovino _9138033 |
||
| 650 |
_aManejo de la alimentación _9145304 |
||
| 650 |
_aRelación beneficio _xcosto _9145305 |
||
| 650 |
_aRentabilidad _9145306 |
||
| 700 | 1 |
_aCopado Bueno, José María Fernando _9143261 |
|
| 700 |
_a Sagarnaga Villegas, Leticia Myriam, asesor _9145307 |
||
| 700 | _a Suárez Domínguez, Hermilo, director | ||
| 700 |
_aZuñiga Clemens, Alma Lucila, coaut. _9145308 |
||
| 856 | 4 | 2 |
_uhttp://10.13.5.2/tesis/sist108862.pdf _yDescargar PDF |
| 901 | _aTESIS L64 2336 | ||
| 902 | _aA | ||
| 910 | _a2013 | ||
| 942 |
_c2 _2ddc |
||
| 942 |
_c2 _2ddc |
||
| 999 |
_c169866 _d169866 |
||